La planificación del trabajo /
El documento se divide en cinco secciones: a-. se refiere a los gastos de trabajo, donde considera su medición, la relación con el aumento de la productividad y el principio de la distribución socialista b-. examina las generalidades de las normas de trabajo y su relación con el resto de elementos...
שמור ב:
| מחבר ראשי: | |
|---|---|
| פורמט: | Texto |
| נושאים: | |
| תגים: |
הוספת תג
אין תגיות, היה/י הראשונ/ה לתייג את הרשומה!
|
MARC
| LEADER | 00000 a a2200000 04500 | ||
|---|---|---|---|
| 001 | 17436 | ||
| 003 | |||
| 040 | |||
| 100 | |a Lorenzo, Raudel | ||
| 245 | |a La planificación del trabajo / |c Raudel Lorenzo | ||
| 520 | |a El documento se divide en cinco secciones: a-. se refiere a los gastos de trabajo, donde considera su medición, la relación con el aumento de la productividad y el principio de la distribución socialista |a b-. examina las generalidades de las normas de trabajo y su relación con el resto de elementos de la OCT |a c-. analiza la clasificación de las normas de trabajo, basado en dos criterios: i-. de acuerdo al gasto de trabajo y a su aplicación, y ii-. considerando los elementos para su elaboración y su carácter territorial |a d-. estudia la clasificación de las normativas del trabajo, según: la forma de expresar los gastos de trabajo, su forma y su campo de aplicación |a y, e-. se refiere a la clasificación de los esquemas organizativos. MA/mb | ||
| 650 | |a SOCIALISMO | ||
| 650 | |a PLANIFICACION DE LA MANO DE OBRA | ||
| 650 | |a COSTOS DE LA MANO DE OBRA | ||
| 650 | |a PRODUCTIVIDAD DEL TRABAJO | ||
| 650 | |a REGLAMENTOS DE TRABAJO | ||
| 650 | |a ORGANIZACION DEL TRABAJO | ||
| 773 | |g número 4; páginas 43-61 | ||
| 999 | |c 31523 |d 31523 | ||
